[Event "SVK-chT2B 2223"]
[Site "Slovakia"]
[Date "2022.11.26"]
[Round "5.8"]
[White "Petras, Karol"]
[Black "Galla, Richard"]
[Result "0-1"]
[WhiteElo "1861"]
[BlackElo "1830"]
[PlyCount "82"]
[EventDate "2022.10.08"]
[EventType "team-tourn"]
[EventRounds "11"]
[EventCountry "SVK"]
[SourceTitle "EXT 2024"]
[Source "ChessBase"]
[SourceDate "2023.10.10"]
[SourceVersion "1"]
[SourceVersionDate "2023.10.10"]
[SourceQuality "1"]
[WhiteTeam "Surany"]
[BlackTeam "Nove Zamky"]
[WhiteTeamCountry "SVK"]
[BlackTeamCountry "SVK"]

1. d4 d5 2. c4 e6 3. Nf3 Nf6 4. Bg5 Nbd7 5. Nc3 c6 6. e3 Qa5 7. Bxf6 Nxf6 8. Bd3 dxc4 9. Bxc4 Nd5 10. Qb3 b5 11. Bd3 Nxc3 12. bxc3 Qa3 13. 0-0 a6 14. Be4 Bb7 15. Qc2 Qd6 16. a4 f5 17. Bd3 Be7 18. c4 bxc4 19. Bxc4 Bf6 20. Rab1 Bc8 21. a5 g5 22. e4 Bd8 23. exf5 exf5 24. Rfe1+ Kf8 25. Qd2 h6 26. Qe2 Kg7 27. Ne5 Re8 28. Qh5 Rf8 29. d5 c5 30. g4 fxg4 31. Re4 Ra7 32. Rb8 Bf5 33. Re1 Qxb8 34. Nc6 Qc7 35. Nxa7 Qxa7 36. d6 Qd7 37. h3 Qxd6 38. hxg4 Bg6 39. Qh3 Qd4 40. Rc1 Qxf2+ 41. Kh1 Be4+ 0-1

[Event "SVK-chT2B 1920"]
[Site "Slovakia"]
[Date "2019.11.16"]
[Round "3.8"]
[White "Petras, Karol"]
[Black "Beres, Tomas"]
[Result "0-1"]
[WhiteElo "1828"]
[BlackElo "1969"]
[PlyCount "60"]
[EventDate "2019.10.26"]
[EventType "team-tourn"]
[EventRounds "11"]
[EventCountry "SVK"]
[SourceTitle "CBM 193 Extra"]
[Source "ChessBase"]
[SourceDate "2020.01.31"]
[SourceVersion "1"]
[SourceVersionDate "2020.01.31"]
[SourceQuality "1"]
[WhiteTeam "Surany"]
[BlackTeam "Tlmace"]
[WhiteTeamCountry "SVK"]
[BlackTeamCountry "SVK"]

1. d4 Nf6 2. c4 c5 3. d5 e6 4. Nc3 exd5 5. cxd5 d6 6. e4 g6 7. f4 Bg7 8. Nf3 0-0 9. Be2 Re8 10. e5 dxe5 11. fxe5 Ng4 12. Bg5 Qa5 13. Bb5 Bd7 14. Bxd7 Nxd7 15. 0-0 Ngxe5 16. d6 Nc4 17. Qb3 Nxd6 18. Qd5 Re6 19. Bf4 Nb6 20. Qd1 Ndc4 21. Rb1 Nxb2 22. Rxb2 Qxc3 23. Rd2 Rae8 24. Rd3 Qc4 25. Bc7 Re2 26. Rd8 Qxa2 27. Rf2 Rxd8 28. Qxd8+ Bf8 29. Rxe2 Qxe2 30. Bd6 Qd1+ 0-1

[Event "SVK-chT2B 1819"]
[Site "Slovakia"]
[Date "2019.04.07"]
[Round "11.4"]
[White "Batora, Matej"]
[Black "Petras, Karol"]
[Result "0-1"]
[WhiteElo "2035"]
[BlackElo "1867"]
[PlyCount "78"]
[EventDate "2018.10.13"]
[EventType "team-tourn"]
[EventRounds "11"]
[EventCountry "SVK"]
[SourceTitle "EXT 2020"]
[Source "ChessBase"]
[SourceDate "2019.10.17"]
[SourceVersion "1"]
[SourceVersionDate "2019.10.17"]
[SourceQuality "1"]
[WhiteTeam "Tlmace"]
[BlackTeam "Surany"]
[WhiteTeamCountry "SVK"]
[BlackTeamCountry "SVK"]

1. e4 c6 2. d4 d5 3. Nc3 dxe4 4. Nxe4 Nf6 5. Nxf6+ exf6 6. Nf3 Bd6 7. Bd3 0-0 8. 0-0 Nd7 9. c4 c5 10. d5 Ne5 11. Nxe5 fxe5 12. f4 f5 13. fxe5 Bxe5 14. Qf3 Qd6 15. Bf4 Bd7 16. Rae1 Rae8 17. Rxe5 Rxe5 18. Qg3 Rfe8 19. Bxe5 Qxe5 20. Qxe5 Rxe5 21. Kf2 Kf7 22. Rb1 Ke7 23. g4 fxg4 24. Bxh7 Rh5 25. Re1+ Kd6 26. Be4 Rxh2+ 27. Bg2 a5 28. Re3 a4 29. Kg3 Rh5 30. Kf4 Rf5+ 31. Kg3 Re5 32. Kf2 b5 33. cxb5 Bxb5 34. b3 a3 35. Be4 c4 36. b4 c3 37. Bg2 Rxe3 38. Kxe3 Bc4 39. Be4 Bxa2 0-1

[Event "SVK-chT2B 1819"]
[Site "Slovakia"]
[Date "2019.03.02"]
[Round "8.8"]
[White "Maslak, Peter"]
[Black "Petras, Karol"]
[Result "0-1"]
[WhiteElo "1334"]
[BlackElo "1843"]
[PlyCount "62"]
[EventDate "2018.10.13"]
[EventType "team-tourn"]
[EventRounds "11"]
[EventCountry "SVK"]
[SourceTitle "CBM 189 Extra"]
[Source "ChessBase"]
[SourceDate "2019.06.03"]
[SourceVersion "1"]
[SourceVersionDate "2019.06.03"]
[SourceQuality "1"]
[WhiteTeam "Nemsova Horne Srnie"]
[BlackTeam "Surany"]
[WhiteTeamCountry "SVK"]
[BlackTeamCountry "SVK"]

1. e4 e6 2. Nf3 d5 3. exd5 exd5 4. d4 Bd6 5. Bd3 Nf6 6. Be3 0-0 7. Nbd2 h6 8. c3 Ng4 9. 0-0 Nxe3 10. fxe3 c5 11. Qe2 Nc6 12. Rf2 Bg4 13. Nf1 Re8 14. Qd2 Qe7 15. Re1 Bxf3 16. Rxf3 cxd4 17. Re2 dxe3 18. Nxe3 Bc5 19. Kh1 Ne5 20. Rg3 Qf6 21. Re1 Nxd3 22. Qxd3 Qf2 23. Qe2 Qxe2 24. Rxe2 d4 25. cxd4 Bxd4 26. b3 Rac8 27. Rc2 Rxc2 28. Nxc2 Re2 29. h3 Rxc2 30. Rd3 Be5 31. Re3 Rc1+ 0-1

[Event "SVK-chT2B 1819"]
[Site "Slovakia"]
[Date "2018.10.14"]
[Round "2.5"]
[White "Moravcik, Rastislav"]
[Black "Petras, Karol"]
[Result "1-0"]
[WhiteElo "1995"]
[BlackElo "1815"]
[PlyCount "57"]
[EventDate "2018.10.13"]
[EventType "team-tourn"]
[EventRounds "11"]
[EventCountry "SVK"]
[SourceTitle "CBM 187 Extra"]
[Source "ChessBase"]
[SourceDate "2018.11.04"]
[SourceVersion "1"]
[SourceVersionDate "2018.11.04"]
[SourceQuality "1"]
[WhiteTeam "Topolcany"]
[BlackTeam "Surany"]
[WhiteTeamCountry "SVK"]
[BlackTeamCountry "SVK"]

1. d4 d5 2. e3 Nf6 3. f4 Bf5 4. Nf3 e6 5. Be2 Nbd7 6. 0-0 c5 7. c3 Bd6 8. Ne5 0-0 9. Nd2 Rc8 10. g4 Be4 11. g5 Ne8 12. Nxe4 dxe4 13. Bb5 Nxe5 14. dxe5 Be7 15. Qc2 Nc7 16. Rd1 Nd5 17. Qxe4 Nxc3 18. Rxd8 Nxe4 19. Rd7 c4 20. Rxe7 a6 21. Ba4 c3 22. Rxb7 Nc5 23. Rb4 Nd3 24. bxc3 Rxc3 25. Bd2 Rc7 26. Rd4 Nb2 27. Bb3 Rfc8 28. Rb1 Nc4 29. Bxc4 1-0

[Event "SVK-chT2B 1718"]
[Site "Slovakia"]
[Date "2018.02.24"]
[Round "8.7"]
[White "Petras, Karol"]
[Black "Adamik, Frantisek1111"]
[Result "0-1"]
[WhiteElo "1810"]
[BlackElo "1494"]
[PlyCount "93"]
[EventDate "2017.10.28"]
[EventType "team-tourn"]
[EventRounds "11"]
[EventCountry "SVK"]
[SourceTitle "EXT 2019"]
[Source "ChessBase"]
[SourceDate "2018.10.10"]
[SourceVersion "1"]
[SourceVersionDate "2018.10.10"]
[SourceQuality "1"]
[WhiteTeam "Nove Zamky"]
[BlackTeam "Lehota pod Vtacnikom"]
[WhiteTeamCountry "SVK"]
[BlackTeamCountry "SVK"]

1. e4 c5 2. Nf3 Nc6 3. Nc3 d6 4. d4 cxd4 5. Nxd4 Nxd4 6. Qxd4 e5 7. Qd5 Qc7 8. Bb5+ Bd7 9. 0-0 Nf6 10. Qb3 Bxb5 11. Nxb5 Qc6 12. f4 Be7 13. Be3 b6 14. Rad1 0-0 15. Qd3 Nxe4 16. fxe5 dxe5 17. Qd7 Qxd7 18. Rxd7 Bc5 19. Bxc5 Nxc5 20. Re7 f6 21. b4 Ne4 22. Re1 Ng5 23. Rd1 Rf7 24. Rdd7 Rxe7 25. Rxe7 a6 26. Nd6 Rd8 27. Nf5 Nf7 28. Rb7 g6 29. Ne3 b5 30. Ra7 Rd6 31. c4 bxc4 32. Nxc4 Rc6 33. Ne3 Rc3 34. Kf2 Ra3 35. Nd5 Rxa2+ 36. Ke3 Ra3+ 37. Kf2 Ra2+ 38. Ke1 Rxg2 39. Nxf6+ Kg7 40. Ne8+ Kf8 41. Nc7 Rxh2 42. Rxa6 Nd8 43. b5 Rb2 44. Ra8 Ke7 45. b6 Kd7 46. Nd5 Kc6 47. Rxd8 0-1

[Event "SVK-chT2B 1516"]
[Site "Slovakia"]
[Date "2016.02.13"]
[Round "8.1"]
[White "Boldis, Frantisek"]
[Black "Petras, Karol"]
[Result "1-0"]
[WhiteElo "2004"]
[BlackElo "1886"]
[PlyCount "65"]
[EventDate "2015.10.17"]
[EventType "team-tourn"]
[EventRounds "11"]
[EventCountry "SVK"]
[SourceTitle "EXT 2019"]
[Source "ChessBase"]
[SourceDate "2018.10.10"]
[SourceVersion "1"]
[SourceVersionDate "2018.10.10"]
[SourceQuality "1"]
[WhiteTeam "Tlmace NSK"]
[BlackTeam "Surany Lokomotiva"]
[WhiteTeamCountry "SVK"]
[BlackTeamCountry "SVK"]

1. d4 d5 2. Nf3 Nf6 3. Bf4 g6 4. e3 Bg7 5. Bd3 0-0 6. Nbd2 Nbd7 7. h3 c5 8. c3 Nh5 9. Bh2 c4 10. Bc2 f5 11. 0-0 b5 12. a4 bxa4 13. Bxa4 Bb7 14. Ng5 e5 15. Ne6 Qe7 16. Nxf8 Nxf8 17. dxe5 Bxe5 18. Bxe5 Qxe5 19. Nf3 Qe7 20. Nd4 f4 21. Re1 Qf6 22. Qf3 Qd6 23. Bb5 Qb6 24. exf4 a6 25. Ba4 Nf6 26. f5 Ne4 27. Qe3 Qf6 28. f3 Ng5 29. Qe7 Qb6 30. f6 Nfe6 31. Be8 Qc5 32. Bd7 Kh8 33. Bxe6 1-0

[Event "SVK-chT2B 1516"]
[Site "Slovakia"]
[Date "2016.01.24"]
[Round "7.2"]
[White "Petras, Karol"]
[Black "Molnar, Erno"]
[Result "0-1"]
[WhiteElo "1892"]
[BlackElo "2131"]
[PlyCount "48"]
[EventDate "2015.10.17"]
[EventType "team-tourn"]
[EventRounds "11"]
[EventCountry "SVK"]
[SourceTitle "EXT 2019"]
[Source "ChessBase"]
[SourceDate "2018.10.10"]
[SourceVersion "1"]
[SourceVersionDate "2018.10.10"]
[SourceQuality "1"]
[WhiteTeam "Surany Lokomotiva"]
[BlackTeam "Komarno KSC"]
[WhiteTeamCountry "SVK"]
[BlackTeamCountry "SVK"]

1. d4 d5 2. Nf3 Nf6 3. c4 e6 4. Nc3 Nbd7 5. cxd5 exd5 6. Bf4 c6 7. e3 Be7 8. Bd3 0-0 9. Qc2 Re8 10. g4 Nf8 11. h3 Bd7 12. 0-0-0 b5 13. Ne5 a5 14. Ne2 b4 15. Ng3 a4 16. Kd2 b3 17. axb3 axb3 18. Qxb3 c5 19. Nxd7 N8xd7 20. dxc5 Nxc5 21. Qc2 Ne6 22. Be5 Rc8 23. Qb1 d4 24. e4 Qa5+ 0-1

[Event "SVK-chT2B 1516"]
[Site "Slovakia"]
[Date "2015.10.18"]
[Round "2.1"]
[White "Petras, Karol"]
[Black "Halak, Matej"]
[Result "0-1"]
[WhiteElo "1934"]
[BlackElo "1949"]
[PlyCount "120"]
[EventDate "2015.10.17"]
[EventType "team-tourn"]
[EventRounds "11"]
[EventCountry "SVK"]
[SourceTitle "EXT 2019"]
[Source "ChessBase"]
[SourceDate "2018.10.10"]
[SourceVersion "1"]
[SourceVersionDate "2018.10.10"]
[SourceQuality "1"]
[WhiteTeam "Surany Lokomotiva"]
[BlackTeam "Trencin PK"]
[WhiteTeamCountry "SVK"]
[BlackTeamCountry "SVK"]

1. d4 f5 2. Nc3 Nf6 3. Bg5 e6 4. e3 Be7 5. Bd3 0-0 6. Nge2 Nc6 7. a3 b6 8. Ng3 Bb7 9. Qe2 a6 10. Bxf6 Bxf6 11. Nh5 Be7 12. Rg1 Bd6 13. g3 b5 14. d5 Ne5 15. e4 Nxd3+ 16. Qxd3 Qg5 17. Qd1 g6 18. Nf4 Bxf4 19. h4 Bd2+ 20. Qxd2 Qxd2+ 21. Kxd2 fxe4 22. dxe6 d5 23. Ke3 c5 24. Ke2 Rae8 25. Nd1 Rxe6 26. c3 Ref6 27. b4 cxb4 28. axb4 Bc8 29. f4 exf3+ 30. Kf2 Rd8 31. Re1 Kf7 32. Rc1 Bb7 33. Ne3 Rfd6 34. Ng4 Kf8 35. Red1 Rc8 36. Ne5 d4 37. c4 bxc4 38. Nxc4 Rdd8 39. Nd2 Rc3 40. Nb1 Re3 41. Rc7 Re2+ 42. Kf1 Ba8 43. Rxh7 Kg8 44. Ra7 Rde8 45. Nd2 Rh2 46. Kg1 Rg2+ 47. Kf1 Bc6 48. Nxf3 Bxf3 49. Rxd4 Rc8 50. Rd1 Rh2 51. Re1 Rh1+ 52. Kf2 Rc2+ 53. Kxf3 Rxe1 54. Rxa6 Kg7 55. Ra7+ Kf6 56. g4 Rc3+ 57. Kf2 Re6 58. Ra8 Rb3 59. Rb8 Rc6 60. Ke2 Rc2+ 0-1

[Event "Nove Zamky op"]
[Site "Nove Zamky"]
[Date "2008.08.08"]
[Round "4"]
[White "Sallai, Kalman"]
[Black "Petras, Karol"]
[Result "1-0"]
[WhiteElo "2152"]
[BlackElo "1924"]
[PlyCount "79"]
[EventDate "2008.08.06"]
[EventType "swiss"]
[EventRounds "7"]
[EventCountry "SVK"]
[SourceTitle "EXT 2010"]
[Source "ChessBase"]
[SourceDate "2010.11.25"]
[SourceVersion "1"]
[SourceVersionDate "2010.11.25"]
[SourceQuality "1"]

1. d4 e6 2. c4 d5 3. Nf3 c6 4. Nbd2 f5 5. b3 Bd6 6. g3 Nf6 7. Bg2 0-0 8. 0-0 Ne4 9. Bb2 Nd7 10. Ne5 Nxe5 11. dxe5 Bc5 12. Nxe4 fxe4 13. e3 b5 14. cxd5 cxd5 15. Qc2 Bb6 16. Rfd1 Qe8 17. Bd4 Bd7 18. Bxb6 axb6 19. Qd2 Qh5 20. Qd4 b4 21. Bxe4 Bb5 22. Bxd5 Rxf2 23. Kxf2 Qxh2+ 24. Bg2 Bc6 25. Rg1 g5 26. Raf1 Rxa2+ 27. Ke1 Bd5 28. e4 Qxg3+ 29. Rf2 Rxf2 30. Qxf2 Qc3+ 31. Qd2 Qxe5 32. Bf3 h6 33. Qxb4 Qf4 34. Ke2 Qe5 35. Rc1 Qb2+ 36. Qd2 Qe5 37. Rc8+ Kh7 38. Qc3 Qh2+ 39. Kd3 g4 40. Rc7+ 1-0

[Event "Nove Zamky op"]
[Site "Nove Zamky"]
[Date "2008.08.07"]
[Round "2"]
[White "Brestak, Jan"]
[Black "Petras, Karol"]
[Result "0-1"]
[WhiteElo "2207"]
[BlackElo "1924"]
[PlyCount "100"]
[EventDate "2008.08.06"]
[EventType "swiss"]
[EventRounds "7"]
[EventCountry "SVK"]
[SourceTitle "EXT 2010"]
[Source "ChessBase"]
[SourceDate "2010.11.25"]
[SourceVersion "1"]
[SourceVersionDate "2010.11.25"]
[SourceQuality "1"]

1. e4 e6 2. d4 d5 3. Nc3 Nf6 4. e5 Nfd7 5. f4 c5 6. Nf3 a6 7. Be3 b5 8. Ne2 Nc6 9. c3 c4 10. g4 Be7 11. Bg2 Bh4+ 12. Kf1 Be7 13. Ng3 Bb7 14. Qc2 Qa5 15. h4 b4 16. Kf2 0-0-0 17. Rhb1 f6 18. b3 fxe5 19. fxe5 Nb6 20. Nh5 g6 21. Nf4 Kd7 22. Kg3 Rdf8 23. Bh3 Bc8 24. g5 Nd8 25. Bd2 Ke8 26. cxb4 Bxb4 27. Bxb4 Qxb4 28. bxc4 Qxc4 29. Qb2 Rxf4 30. Kxf4 Rf8+ 31. Kg3 Qd3 32. Bg4 Nc4 33. Qb3 Qe4 34. Rf1 Ne3 35. Qxe3 Qxe3 36. Rae1 Qf4+ 37. Kh3 Nc6 38. Rc1 Bd7 39. Rb1 Ke7 40. Rb3 Rb8 41. Rd3 Rb2 42. a3 Na5 43. Nd2 Qxd2 44. Rxd2 Rxd2 45. h5 Rd3+ 46. Kh4 Rxd4 47. hxg6 hxg6 48. Rf6 Nc4 49. Rxg6 Nxe5 50. Rg7+ Kf8 0-1

[Event "SVK-chT2B 0607"]
[Site "Slovakia"]
[Date "2006.10.15"]
[Round "2.1"]
[White "Hutyra, Roman"]
[Black "Petras, Karol"]
[Result "1-0"]
[WhiteElo "1955"]
[BlackElo "1902"]
[PlyCount "89"]
[EventDate "2006.10.14"]
[EventType "team-tourn"]
[EventRounds "11"]
[EventCountry "SVK"]
[SourceTitle "EXT 2008"]
[Source "ChessBase"]
[SourceDate "2007.11.25"]
[SourceVersion "1"]
[SourceVersionDate "2007.11.25"]
[SourceQuality "1"]
[WhiteTeam "Povazska Bystrica II"]
[BlackTeam "Surany"]
[WhiteTeamCountry "SVK"]
[BlackTeamCountry "SVK"]

1. e4 c6 2. d4 d5 3. exd5 cxd5 4. c3 Nf6 5. Nf3 Nc6 6. Bd3 Bg4 7. 0-0 e6 8. Re1 Be7 9. Nbd2 Qc7 10. Nf1 Bh5 11. Bd2 Bg6 12. Qe2 Bxd3 13. Qxd3 h6 14. Rac1 Ne4 15. Ng3 Nxd2 16. Nxd2 0-0 17. c4 Bf6 18. cxd5 exd5 19. Nf3 Qb6 20. Nf5 Rfe8 21. b3 Qa5 22. a4 Rac8 23. Nd6 Rxe1+ 24. Rxe1 Rb8 25. Kf1 Qc7 26. Nb5 Qf4 27. g3 Qg4 28. Kg2 a6 29. h3 Qd7 30. Nc3 Nb4 31. Qd2 Rc8 32. Ne5 Qf5 33. Ng4 Bg5 34. f4 Qc2 35. Re2 Qxd2 36. Rxd2 Bxf4 37. gxf4 Rxc3 38. Re2 Kf8 39. Ne5 f6 40. Ng6+ Kf7 41. Nh8+ Kg8 42. Re8+ Kh7 43. f5 g5 44. Ng6 Rc7 45. Nf8+ 1-0

[Event "SVK-chT2B 0506"]
[Site "Slovakia"]
[Date "2006.03.11"]
[Round "10.7"]
[White "Petras, Karol"]
[Black "Zahorsky, Robert"]
[Result "0-1"]
[WhiteElo "1953"]
[BlackElo "1919"]
[PlyCount "118"]
[EventDate "2005.10.22"]
[EventType "team-tourn"]
[EventRounds "11"]
[EventCountry "SVK"]
[SourceTitle "EXT 2008"]
[Source "ChessBase"]
[SourceDate "2007.11.25"]
[SourceVersion "1"]
[SourceVersionDate "2007.11.25"]
[SourceQuality "1"]

1. d4 d5 2. Nf3 Bf5 3. c4 c6 4. Nc3 e6 5. Qb3 Qb6 6. Qxb6 axb6 7. cxd5 exd5 8. g3 Nf6 9. Bg2 Be7 10. 0-0 h6 11. b3 0-0 12. Re1 Nbd7 13. Bb2 Rfe8 14. Nd2 Bb4 15. a3 Bd6 16. b4 b5 17. e4 dxe4 18. Ncxe4 Nxe4 19. Nxe4 Bxe4 20. Bxe4 Nf6 21. f3 Nxe4 22. fxe4 Rad8 23. e5 Bc7 24. Rad1 Rd5 25. Kg2 Bb6 26. Rf1 Red8 27. Rde1 Bxd4 28. Bxd4 Rxd4 29. Rf3 Rd2+ 30. Kh3 R2d3 31. Ree3 Rxe3 32. Rxe3 Kf8 33. Kg4 g6 34. h4 h5+ 35. Kg5 Ke7 36. e6 Rd6 37. exf7+ Kxf7 38. Rf3+ Kg7 39. Re3 Rd5+ 40. Kf4 Kf6 41. Rc3 Rd4+ 42. Kf3 Kf5 43. Rc5+ Kf6 44. Rc3 Rc4 45. Rd3 Kf5 46. Ke3 Kg4 47. Kd2 Kh3 48. Ke2 Kg2 49. Rd7 Kxg3 50. Rxb7 Kxh4 51. Rc7 Kg4 52. a4 bxa4 53. Kd3 Rxb4 54. Rxc6 g5 55. Ke2 h4 56. Kf2 a3 57. Ra6 Rb2+ 58. Kg1 a2 59. Ra4+ Kh5 0-1

[Event "SVK-chT2B 0506"]
[Site "Slovakia"]
[Date "2006.02.11"]
[Round "8.7"]
[White "Grilus, Marian"]
[Black "Petras, Karol"]
[Result "0-1"]
[WhiteElo "1765"]
[BlackElo "1953"]
[PlyCount "140"]
[EventDate "2005.10.22"]
[EventType "team-tourn"]
[EventRounds "11"]
[EventCountry "SVK"]
[SourceTitle "EXT 2008"]
[Source "ChessBase"]
[SourceDate "2007.11.25"]
[SourceVersion "1"]
[SourceVersionDate "2007.11.25"]
[SourceQuality "1"]

1. f4 c5 2. Nf3 Nf6 3. b3 g6 4. Bb2 Bg7 5. e3 0-0 6. d4 d5 7. c4 cxd4 8. Nxd4 e5 9. Nf3 exf4 10. exf4 Re8+ 11. Be2 Qe7 12. Nc3 dxc4 13. bxc4 Qb4 14. Qb3 Qc5 15. Ne5 Ng4 16. Ne4 Qe7 17. Bxg4 Bxg4 18. 0-0 Bf5 19. Ba3 Qc7 20. Nd6 Nc6 21. Nxe8 Rxe8 22. Rad1 Nxe5 23. Bd6 Qxc4 24. Bxe5 Qc5+ 25. Kh1 Bc2 26. Rc1 Bxb3 27. Rxc5 Bxa2 28. Bxg7 Kxg7 29. Ra5 Bc4 30. Rc1 a6 31. h3 Bb5 32. Ra2 Bc6 33. Rb1 Re4 34. Rf1 Re3 35. Kh2 h5 36. f5 g5 37. Rff2 h4 38. Rac2 Kf6 39. Rc5 Rd3 40. Rb2 Rd5 41. Rcc2 Rxf5 42. Rb6 Kg7 43. g3 Rf1 44. gxh4 gxh4 45. Rbxc6 bxc6 46. Rxc6 Ra1 47. Rc4 a5 48. Rxh4 a4 49. Rb4 a3 50. Ra4 a2 51. Kg2 Kg6 52. Kh2 f5 53. Kg2 f4 54. Rxf4 Rg1+ 55. Kxg1 a1Q+ 56. Kg2 Qe1 57. Rf3 Kg5 58. Rf2 Qe4+ 59. Rf3 Kh4 60. Kf2 Qc2+ 61. Ke3 Qc1+ 62. Kf2 Qd2+ 63. Kf1 Kg5 64. Kg1 Qe2 65. Rf2 Qe3 66. Kg2 Kh4 67. Rf3 Qg5+ 68. Kf2 Qc1 69. Kg2 Qd2+ 70. Kg1 Qe1+ 0-1